书目信息 |
| 题名: |
建设项目非标准设备工程计价指南
|
|
| 作者: | 于亚萍 , 舒宇 主编 ;中国建设工程造价管理协会 编 | |
| 分册: | ||
| 出版信息: | 北京 中国建筑工业出版社 2017.01 |
|
| 页数: | 77页 | |
| 开本: | 24cm | |
| 丛书名: | 工程造价管理指南丛书 | |
| 单 册: | ||
| 中图分类: | TU723.31-62 | |
| 科图分类: | ||
| 主题词: | 房屋建筑设备--建筑安装--工程造价--指南 | |
| 电子资源: | ||
| ISBN: | 978-7-112-20128-0 | |
| 000 | 01162oam2 2200289 450 | |
| 001 | 0100004052 | |
| 005 | 20190305095740.16 | |
| 010 | @a978-7-112-20128-0@dCNY25.00 | |
| 100 | @a20170213d2017 em y0chiy50 ea | |
| 101 | 0 | @achi |
| 102 | @aCN@b110000 | |
| 105 | @aak z 000yy | |
| 200 | 1 | @a建设项目非标准设备工程计价指南@Ajian she xiang mu fei biao zhun she bei gong cheng ji jia zhi nan@f中国建设工程造价管理协会[编] |
| 210 | @a北京@c中国建筑工业出版社@d2017.01 | |
| 215 | @a77页@c图@d24cm | |
| 225 | 2 | @a工程造价管理指南丛书 |
| 314 | @a主编:于亚萍,舒宇 | |
| 330 | @a本书共分为总则;非标准设备工程计价方法;非标准设备工程计价案例三章,其主要内容包括:概述;主要术语;基本规定;一般规定;估价法;定额法、清单法;综合法;非标准设备安装费等。 | |
| 333 | @a建筑科学领域人员 | |
| 410 | 0 | @12001 @a工程造价管理指南丛书 |
| 606 | 0 | @a房屋建筑设备@x建筑安装@x工程造价@j指南 |
| 690 | @aTU723.31-62@v5 | |
| 701 | 0 | @a于亚萍@Ayu ya ping@4主编 |
| 701 | 0 | @a舒宇@Ashu yu@4主编 |
| 712 | 02 | @a中国建设工程造价管理协会@Azhong guo jian she gong cheng zao jia guan li xie hui@4编 |
| 801 | 0 | @aCN@c201701015 |
| 905 | @a河南城建学院图书馆@dTU723.31-62@eY732 | |
| 建设项目非标准设备工程计价指南/中国建设工程造价管理协会[编].-北京:中国建筑工业出版社,2017.01 |
| 77页:图;24cm.-(工程造价管理指南丛书) |
| 使用对象:建筑科学领域人员 |
| ISBN 978-7-112-20128-0:CNY25.00 |
| 本书共分为总则;非标准设备工程计价方法;非标准设备工程计价案例三章,其主要内容包括:概述;主要术语;基本规定;一般规定;估价法;定额法、清单法;综合法;非标准设备安装费等。 |
| ● |
| 相关链接 |
|
|
|
正题名:建设项目非标准设备工程计价指南
索取号:TU723.31-62/Y732
 
预约/预借
| 序号 | 登录号 | 条形码 | 馆藏地/架位号 | 状态 | 备注 |
| 1 | 1304435 | 213044356 | 建筑库201/201建筑库 106排2列6层/ [索取号:TU723.31-62/Y732] | 在馆 | |
| 2 | 1360727 | 213607275 | 建筑库201/201建筑库 106排2列6层/ [索取号:TU723.31-62/Y732] | 在馆 | |
| 3 | 1360728 | 213607284 | 建筑库201/201建筑库 106排2列6层/ [索取号:TU723.31-62/Y732] | 在馆 |